00677nam a22001817a 4500003000500000038001800005082000800023100003600031245010500067264003400172300002500206650004400231700004500275856005800320942001200378999001900390952008600409NUST aNusrat Nadeem a200 aJafri, Mubasshar Hassan9124282 aRole of Youth Movement in Conflict: Case Study of Pakistani Young Doctors/cMubasshar Hassan Jafri,  aIslamabad;bCIPS NUST;c2022. a229,p;bill;c30,cm. aPhD-Peace and Conflict Studies 9123173 aSupervisor: Dr. Najimdeen Bakare9124283 u http://10.250.8.41:8080/xmlui/handle/123456789/34705 2ddccSC c610186d610186 00104070aCLbCLcTHEd2024-07-09l0o200pCLPT-267r2024-07-09w2024-07-09ySC